000 01534cam a2200289 4500
001 ABS67856
008 040524n2004 000 0 eng u
035 _a(Sirsi) u126264
100 _aNegus, R.
245 _aPub, bar or restaurant?
260 _c2004
490 _aJournal of Retail and Leisure Property
_v3(4) 2004, 326-330(5)
520 _aFocuses on the proposed changes to the Town and Country Planning (Use Classes) Order 1987 and permitted development rights affecting use class A3 (pubs and restaurants). Identifies some of the practical difficulties in differentiating the new use classes and highlights some of the operational and property issues affecting land-use categories and their likely impact on property and rental values. Concludes that businesses offering food and drink, and more particularly dining and vertical drinking areas, should fall within the same use class category: pub, bar, restaurant. While the government review may have addressed changes of use to less desirable uses, pub, bar and restaurant operators now have to worry about breaching planning when licensing laws already exist to control their use. [Taken from journal abstract].
590 _aABS
590 _aABS
650 _aCLASS A4
650 _aCLASS A5
650 _aCLASS A3
650 _aTOWN AND COUNTRY PLANNING (USE CLASSES) ORDER 1987
650 _aBARS
650 _aRENTAL VALUES
650 _aPUBS
650 _aRESTAURANTS
650 _aUSE CLASSES
690 _aPLANNING-PRACTICE
942 _n0
999 _c117387
_d117387